000 00380nam a22001577a 4500
003 MPLRDC
005 20220104143825.0
008 210129b ||||| |||| 00| 0 eng d
082 _a947.47 TZBEX-64 v.73
100 _a藤子不二雄原著
245 _a小叮当. 73
_c
260 _a
_b小叮当出版社
_c
300 _b
650 _a
942 _cBK
_o947.47 TZBEX-64 v.73
999 _c43697
_d43687